Borders cities and towns : comparative historical community studies and institutional interviews on social exclusion
Saved in:
| Corporate Author: | |
|---|---|
| Other Authors: | |
| Format: | Book |
| Language: | English |
| Published: |
Lesvos :
REM, Department of Geography,
2000
|
| Subjects: | |
| Tags: |
Add Tag
No Tags, Be the first to tag this record!
|
MARC
| LEADER | 00000cam a2200000 i 4500 | ||
|---|---|---|---|
| 001 | 1/24318 | ||
| 008 | 011128s2000 eng d | ||
| 035 | |l 10067845 | ||
| 040 | |a GR-MY-UA |b gre |e aacr | ||
| 041 | 0 | |a eng | |
| 082 | 0 | |a 307.76 | |
| 245 | 1 | 0 | |a Borders cities and towns : |b comparative historical community studies and institutional interviews on social exclusion / |c coordinated by Lila Leontidou |
| 260 | |a Lesvos : |b REM, Department of Geography, |c 2000 | ||
| 300 | |a 221 p.; |b fig.; tabl.; |c 29 cm. | ||
| 500 | |a authored by Lila Leontidou, Alex Afouxenidis, Hastings Donnan, Vitor Matias Ferreira, Antonio Garcia-Lizana, Xavier Peraldi, Alberto Gasparini and Moreno Zago | ||
| 500 | |a With assistance of C. Konnaris, P. Vereni, F. Ceccaldi, F.N. Almeida, M. Ochoa, J.F. Troyano, F. Calderon, S.J. Zayas | ||
| 500 | |a TSER Contract SOE2-CT97-3048 | ||
| 500 | |a Two Annual Scientifiv Reports submitted to EC Research DG | ||
| 650 | 0 | 0 | |a Cities and towns |x Congresses. |
| 650 | 0 | 0 | |a Cities and towns |x Social aspects |x Congresses. |
| 700 | 1 | |a Λεοντίδου-Εμμανουήλ, Λίλα. |4 edt | |
| 710 | 2 | |a European Commission. | |
| 852 | |a INST |b LESVOS |e 20011128 |h 307.76 BOR |p 005100028554 |q 005100028554 |t BK |y 0 | ||
| 901 | |a BIBL1-2001-3 | ||
| 909 | |a Λ |b 099149 | ||
| 970 | |a ΜΟΥΣΤΑΚΑ |b ΠΗΝΕΛΟΠΗ |z 2001/11/28 | ||